Sanat: "Kuussa tuulee" - Haloo Helsinki - Statistics

Yleistilastot
  • Tätä visaa on pelattu 201 kertaa
  • Keskiarvotulos 144 / 187
Vastaustilastot
% Oikein
tuu.
96%
kuussa
95%
Ja
94%
ja
94%
Jos
92%
jos
92%
alkaa
90%
kädestä
90%
sen
90%
tuulemaan.
90%
hyppää
89%
käteen,
89%
täysillä
89%
minä,
88%
sielusta
88%
sieluun.
88%
sinä
88%
Tartu
88%
kylmään
87%
laula
87%
varpaat
87%
veteen,
87%
Kasta
86%
niin
86%
pysty
86%
kuulemaan,
85%
pystymme
85%
et
84%
joutsenlauluun.
84%
Sillä
84%
ei
83%
Ei
83%
82%
Mut
81%
rakkautta
80%
etsimään,
79%
kun
79%
lähden
79%
olen
79%
olin
79%
se
79%
vastaan
78%
elämään,
74%
elävinä,
74%
vaan
74%
varma,
74%
joskus
73%
rakastuu.
72%
saatan
72%
tapahtuu.
71%
asiat
69%
astuu.
68%
uskon,
68%
huomaa,
67%
eteen
66%
jokin
66%
suuri
63%
saisin
60%
itsestäni
59%
kuin
59%
oon
59%
liikaa
58%
58%
58%
pitämään.
58%
yrittää,
58%
ainakin
57%
jonkun
57%
kaikki
57%
menemään.
57%
mitä
57%
muu.
57%
ohi
57%
voi
56%
hetken
55%
mutta
54%
ehjempi
53%
moni
53%
teen
53%
Tiedän,
53%
näät,
52%
rikkoutuu,
50%
pois,
40%
heitin
39%
jotain
39%
pitäs
39%
valmiina.
38%
Nyt
37%
pelon
37%
reunalla,
37%
vois.
37%
tuntea
36%
turhan
36%
kauas
35%
seison
35%
sydän
35%
vihdoin
31%
Ehtoja vastaavia visoja ei löytynyt
Tulosjakauma
Jokaisen tuloksen saaneiden osuus
Persentiili vastausten määrän mukaan
Tuloshistoriasi
Et ole pelannut tätä visaa